[Event "DEM U10/U10w 2013"]
[Site "Oberhof GER"]
[Date "2013.05.22"]
[Round "6"]
[White "Collin, Alexander"]
[Black "Keymer, Vincent"]
[Result "1/2-1/2"]
[Termination "normal"]
[Board "1"]
[WhiteElo "1451"]
[BlackElo "1861"]
[PlyCount "147"]
[WhiteFideId "12946745"]
[BlackFideId "12940690"]
[EventCountry "GER"]
[EventRounds "11"]
[EventType "swiss"]
[EventDate "2013.05.18"]

1. e4 c5 2. Nf3 e6 3. d4 cxd4 4. Nxd4 a6 5. Bd3 Nf6 6. O-O Qc7 7. Qe2 d6 8. c4
Be7 9. f4 Nbd7 10. Nf3 Nc5 11. Bc2 Nfd7 12. b4 Bf6 13. e5 dxe5 14. Bb2 e4 15.
Bxf6 Nxf6 16. Nfd2 Ncd7 17. a3 a5 18. b5 Qc5+ 19. Kh1 Nb6 20. Bxe4 Qd4 21. Ra2
O-O 22. Re1 Rd8 23. Rc2 e5 24. fxe5 Nxe4 25. Qxe4 Qxe4 26. Nxe4 Bf5 27. Nbd2
Rac8 28. Rcc1 Bxe4 29. Nxe4 Nxc4 30. Nd6 Nxd6 31. exd6 Rxc1 32. Rxc1 Kf8 33. h3
Rxd6 34. Rc7 b6 35. Kh2 Rd5 36. a4 Rd4 37. Rc6 Rxa4 38. Rxb6 Rb4 39. Rb8+ Ke7
40. Rb7+ Ke6 41. Rb6+ Kf5 42. Rb7 Kg6 43. Rb8 a4 44. b6 a3 45. Ra8 Rxb6 46.
Rxa3 Rb5 47. Rg3+ Kf6 48. Rf3+ Rf5 49. Ra3 g6 50. Ra6+ Kg5 51. Ra4 Rf4 52. Ra5+
f5 53. Ra3 h5 54. Rg3+ Kf6 55. Ra3 Re4 56. Ra6+ Re6 57. Ra3 g5 58. Ra8 h4 59.
Rf8+ Ke5 60. Ra8 Kf4 61. Ra3 g4 62. hxg4 fxg4 63. Ra4+ Re4 64. Ra1 Re2 65. Kg1
g3 66. Kf1 Re4 67. Kg1 Rb4 68. Re1 Kg4 69. Kh1 h3 70. gxh3+ Kxh3 71. Rc1 Rb2
72. Ra1 Rf2 73. Kg1 Re2 74. Rb1 1/2-1/2

[Event "DEM U10/U10w 2013"]
[Site "Oberhof GER"]
[Date "2013.05.22"]
[Round "6"]
[White "Dobrikov, Marco"]
[Black "Wu, Luka"]
[Result "0-1"]
[Termination "normal"]
[Board "2"]
[WhiteElo "1528"]
[BlackElo "1217"]
[PlyCount "106"]
[WhiteFideId "12950378"]
[BlackFideId "12977420"]
[EventCountry "GER"]
[EventRounds "11"]
[EventType "swiss"]
[EventDate "2013.05.18"]

1. c4 e5 2. Nc3 Nf6 3. g3 g6 4. Nf3 Nc6 5. Bg2 Bg7 6. O-O O-O 7. d3 d6 8. Bd2
Bd7 9. Qc1 Qc8 10. Re1 Re8 11. Bh6 Bh3 12. Bh1 Bh8 13. a3 a5 14. Bg5 Bg4 15.
Bxf6 Bxf3 16. Bxf3 Bxf6 17. Nd5 Bg7 18. Rb1 Nd4 19. Bg2 Nb3 20. Qd1 a4 21. Nc3
c6 22. Nxa4 Rxa4 23. Qxb3 Ra8 24. Qc2 Qf5 25. e4 Qd7 26. Qc1 Rec8 27. b4 b5 28.
Rd1 Ra4 29. Rb3 Raa8 30. h4 Rc7 31. Qc3 Rb8 32. Rc1 Rbb7 33. Kh2 c5 34. Bh3 Qd8
35. cxb5 cxb4 36. Qb2 Rxc1 37. Qxc1 Rc7 38. Qb2 bxa3 39. Qxa3 Rc2 40. Rb2 Rxb2
41. Qxb2 Qb6 42. Kg2 Bf8 43. Qb3 Be7 44. Qc4 Bd8 45. Qc6 Kg7 46. Qd7 Qc7 47.
Qc6 Qb6 48. Bg4 Qd4 49. Qc4 Bb6 50. Bd7 Qxf2+ 51. Kh3 Qf1+ 52. Kg4 h5+ 53. Kg5
f6# 0-1

[Event "DEM U10/U10w 2013"]
[Site "Oberhof GER"]
[Date "2013.05.22"]
[Round "6"]
[White "Tong, Kevin"]
[Black "Niemann, Alexander"]
[Result "1-0"]
[Termination "normal"]
[Board "3"]
[WhiteElo "1637"]
[BlackElo "1645"]
[PlyCount "77"]
[WhiteFideId "12913944"]
[BlackFideId "12939862"]
[EventCountry "GER"]
[EventRounds "11"]
[EventType "swiss"]
[EventDate "2013.05.18"]

1. e4 c5 2. Nf3 d6 3. d4 cxd4 4. Nxd4 Nf6 5. Nc3 g6 6. Be3 Bg7 7. f3 O-O 8. Qd2
Nc6 9. Bc4 a5 10. O-O-O Nd7 11. g4 Nce5 12. Be2 Nb6 13. b3 a4 14. h4 axb3 15.
cxb3 Qc7 16. Kb1 Bd7 17. Rc1 Qd8 18. h5 Nc6 19. Nxc6 Bxc6 20. Bh6 Bh8 21. Bxf8
Qxf8 22. hxg6 fxg6 23. Qe3 Bxc3 24. Rxc3 Qg7 25. Rxc6 bxc6 26. Qxb6 c5 27. Qc6
Rf8 28. Qd5+ Kh8 29. Rc1 g5 30. e5 Qg6+ 31. Bd3 Qh6 32. exd6 exd6 33. Be4 Qf6
34. Rd1 Rd8 35. Qb7 Qg7 36. Qxg7+ Kxg7 37. a4 h6 38. a5 Kf6 39. a6 1-0

[Event "DEM U10/U10w 2013"]
[Site "Oberhof GER"]
[Date "2013.05.22"]
[Round "6"]
[White "Graf, Justus Felix"]
[Black "Kopylov, Daniel"]
[Result "1-0"]
[Termination "normal"]
[Board "4"]
[WhiteElo "1489"]
[BlackElo "1628"]
[PlyCount "105"]
[WhiteFideId "12929212"]
[BlackFideId "12921971"]
[EventCountry "GER"]
[EventRounds "11"]
[EventType "swiss"]
[EventDate "2013.05.18"]

1. e4 e6 2. d4 d5 3. Nc3 dxe4 4. Nxe4 Nd7 5. Bd3 Ngf6 6. Qe2 Be7 7. Nf3 O-O 8.
Bd2 c5 9. Nxc5 Nxc5 10. dxc5 Bxc5 11. O-O-O Qb6 12. Ne5 Rd8 13. Nc4 Qa6 14. Kb1
b5 15. Ne5 Rb8 16. Bg5 Be7 17. Bxf6 Bxf6 18. Bxh7+ Kxh7 19. Qh5+ Kg8 20. Rxd8+
Bxd8 21. Qxf7+ Kh7 22. Qg6+ Kg8 23. Qe8+ Kh7 24. Qxd8 Qb7 25. Qd3+ Kg8 26. f3
a5 27. Rd1 Qd5 28. Qxd5 exd5 29. Rxd5 Be6 30. Rd6 Bf5 31. Kc1 Rc8 32. Nd3 Kf7
33. g4 Bh7 34. Kd2 Ke7 35. Rb6 b4 36. Ra6 Bxd3 37. cxd3 Rc5 38. h4 Rb5 39. d4
b3 40. a3 Rd5 41. Kc3 Kf7 42. Kc4 Rd7 43. Rxa5 Rb7 44. Rb5 Re7 45. Kd3 Re6 46.
Rxb3 Rf6 47. Ke3 Rc6 48. Rc3 Rb6 49. b4 Ke6 50. Rc5 Ra6 51. Rc3 Kd5 52. b5 Ra5
53. b6 1-0

[Event "DEM U10/U10w 2013"]
[Site "Oberhof GER"]
[Date "2013.05.22"]
[Round "6"]
[White "Weishäutel, Moritz"]
[Black "Wagner, Benjamin"]
[Result "1/2-1/2"]
[Termination "normal"]
[Board "6"]
[WhiteElo "1431"]
[BlackElo "1468"]
[PlyCount "153"]
[WhiteFideId "12967300"]
[BlackFideId "12957330"]
[EventCountry "GER"]
[EventRounds "11"]
[EventType "swiss"]
[EventDate "2013.05.18"]

1. e4 e5 2. Nf3 Nc6 3. Bc4 Bc5 4. d3 Nf6 5. Bb3 d6 6. c3 a6 7. Nbd2 O-O 8. Qe2
Ng4 9. O-O Kh8 10. h3 Nh6 11. Nc4 f5 12. Bxh6 gxh6 13. Rad1 Qf6 14. Ne3 f4 15.
Nd5 Qg7 16. Kh2 Be6 17. Qd2 Rg8 18. Rg1 Raf8 19. d4 Ba7 20. g3 fxg3+ 21. Rxg3
Qf7 22. Rdg1 Rxg3 23. Rxg3 exd4 24. cxd4 Nxd4 25. Nxd4 Qxf2+ 26. Rg2 Qxd4 27.
Qxh6 Qe5+ 28. Nf4 Qxf4+ 29. Qxf4 Rxf4 30. Bxe6 h6 31. Bf5 Rf2 32. Rxf2 Bxf2 33.
Bc8 b6 34. Bxa6 Kg7 35. Kg2 Bd4 36. b3 Kf6 37. Kg3 Ke5 38. Bd3 Be3 39. Kf3 Bg5
40. a4 Kd4 41. Bc4 c6 42. Be6 d5 43. exd5 cxd5 44. b4 Bd2 45. a5 bxa5 46. b5
Kc5 47. b6 Kxb6 48. Bxd5 a4 49. Kg2 Kc5 50. Bg8 a3 51. Kh1 Kd4 52. Bf7 Ke3 53.
Bg8 Kf3 54. Bf7 Kg3 55. Be8 Kxh3 56. Bf7 Kg3 57. Bg8 h5 58. Bf7 Be3 59. Bg8 h4
60. Bf7 Bg5 61. Ba2 Kf2 62. Bg8 Ke2 63. Bf7 Kd3 64. Bg8 Kc3 65. Bf7 Kb2 66. Bg8
Bf4 67. Bf7 a2 68. Bxa2 Kxa2 69. Kg1 Kb2 70. Kh1 Kc3 71. Kg1 Kd4 72. Kh1 Ke4
73. Kg1 Kf3 74. Kh1 Be3 75. Kh2 Kf2 76. Kh1 Kf1 77. Kh2 1/2-1/2

[Event "DEM U10/U10w 2013"]
[Site "Oberhof GER"]
[Date "2013.05.22"]
[Round "6"]
[White "Svane, Frederik"]
[Black "Hommel, Niclas"]
[Result "1-0"]
[Termination "normal"]
[Board "7"]
[WhiteElo "1715"]
[BlackElo "1197"]
[PlyCount "55"]
[WhiteFideId "12923044"]
[BlackFideId "12974927"]
[EventCountry "GER"]
[EventRounds "11"]
[EventType "swiss"]
[EventDate "2013.05.18"]

1. e4 e5 2. Nf3 Nc6 3. Bb5 a6 4. Ba4 Nf6 5. d3 Bc5 6. O-O b5 7. Bb3 O-O 8. c3
Bb7 9. d4 exd4 10. cxd4 Be7 11. e5 Ne8 12. Bc2 Nb4 13. Bb3 Nd5 14. Qd3 Nb6 15.
Bc2 g6 16. Bh6 Ng7 17. h3 Re8 18. Bxg7 Kxg7 19. Nh2 Rf8 20. f4 f5 21. Nd2 Nd5
22. a3 Nb6 23. Nhf3 d6 24. Qe2 dxe5 25. dxe5 Qd5 26. Kh2 Qc6 27. Nb3 Rad8 28.
Na5 1-0

[Event "DEM U10/U10w 2013"]
[Site "Oberhof GER"]
[Date "2013.05.22"]
[Round "6"]
[White "Tschammer, Kai"]
[Black "Breitzmann, Sander"]
[Result "1-0"]
[Termination "normal"]
[Board "8"]
[WhiteElo "1605"]
[BlackElo "1168"]
[PlyCount "115"]
[WhiteFideId "12939099"]
[BlackFideId "12987085"]
[EventCountry "GER"]
[EventRounds "11"]
[EventType "swiss"]
[EventDate "2013.05.18"]

1. e4 e5 2. Nf3 Nc6 3. Bc4 Bc5 4. O-O Nf6 5. d4 Bxd4 6. Nxd4 Nxd4 7. f4 d6 8.
fxe5 dxe5 9. Bg5 Qe7 10. Na3 Bg4 11. Bxf6 Bxd1 12. Bxe7 Be2 13. Bxe2 Nxe2+ 14.
Kf2 Nc3 15. bxc3 Kxe7 16. Nc4 f6 17. Rab1 b6 18. Ke2 g6 19. Rbd1 Rad8 20. Rxd8
Rxd8 21. Rf3 Ke6 22. g4 a6 23. Rh3 Rd7 24. Rh6 Re7 25. Kf3 a5 26. Rh3 a4 27.
Ke2 Rd7 28. Rd3 Re7 29. Rd8 Rd7 30. Rxd7 Kxd7 31. Nb2 b5 32. c4 a3 33. Nd1 b4
34. Ne3 Kc6 35. Nd5 Kc5 36. Kd3 Kd6 37. Nxf6 h6 38. Ng8 h5 39. gxh5 gxh5 40. h4
c5 41. Nf6 Ke6 42. Nxh5 Kf7 43. Ng3 Kg6 44. Ke3 Kh6 45. Kf3 Kg6 46. Kg4 Kf6 47.
h5 Kf7 48. Kf5 Kg7 49. Kxe5 Kf7 50. Kd6 b3 51. cxb3 Ke8 52. h6 Kf7 53. e5 Ke8
54. h7 Kf7 55. h8=Q Kg6 56. Qf6+ Kh7 57. Nh5 Kg8 58. Qg7# 1-0

[Event "DEM U10/U10w 2013"]
[Site "Oberhof GER"]
[Date "2013.05.22"]
[Round "6"]
[White "Bui, Julia"]
[Black "Dietz, Florian"]
[Result "0-1"]
[Termination "normal"]
[Board "9"]
[WhiteElo "1260"]
[BlackElo "1445"]
[PlyCount "120"]
[WhiteFideId "12977055"]
[BlackFideId "12939897"]
[EventCountry "GER"]
[EventRounds "11"]
[EventType "swiss"]
[EventDate "2013.05.18"]

1. e4 c5 2. Nf3 d6 3. d4 cxd4 4. Nxd4 Nf6 5. f3 g6 6. c4 Nc6 7. Nc3 Nxd4 8.
Qxd4 Bg7 9. Be3 O-O 10. Qd2 a5 11. Be2 a4 12. O-O Qa5 13. Nd5 Nxd5 14. cxd5
Qxd2 15. Bxd2 Bxb2 16. Rab1 Bd4+ 17. Kh1 b6 18. Rfc1 Bc5 19. Bh6 Rd8 20. Bb5
Bd7 21. Bg5 f6 22. Bxd7 Rxd7 23. Bd2 Rb7 24. g3 Kf7 25. Kg2 Ke8 26. Bb4 Rab8
27. Rc4 b5 28. Rc2 Rc8 29. Rbb2 Kd7 30. Be1 Bd4 31. Rxc8 Kxc8 32. Rb4 Bc5 33.
Rb1 Kb8 34. f4 Ka7 35. h4 Ka6 36. Kf3 b4 37. g4 b3 38. axb3 Rxb3+ 39. Rxb3 axb3
40. Bc3 Ba3 41. g5 b2 42. Bxb2 Bxb2 43. Kg4 fxg5 44. Kxg5 Bc1 45. Kh6 Bxf4+ 46.
Kxh7 Bg3 47. Kxg6 Bxh4 48. Kf5 Bf6 49. Kf4 Kb5 50. Kf5 Kc4 51. Kf4 Kd4 52. Kf3
Be5 53. Kf2 Kxe4 54. Ke2 Kxd5 55. Kd3 Bg3 56. Ke2 Ke4 57. Kd1 Kd3 58. Kc1 d5
59. Kd1 d4 60. Kc1 Ke2 0-1

[Event "DEM U10/U10w 2013"]
[Site "Oberhof GER"]
[Date "2013.05.22"]
[Round "6"]
[White "Nguyen, Alex Dac-Vuong"]
[Black "Suvorov, Alexander"]
[Result "1-0"]
[Termination "normal"]
[Board "10"]
[WhiteElo "1401"]
[BlackElo "1397"]
[PlyCount "173"]
[WhiteFideId "12984388"]
[BlackFideId "12977063"]
[EventCountry "GER"]
[EventRounds "11"]
[EventType "swiss"]
[EventDate "2013.05.18"]

1. e4 d6 2. d4 Nf6 3. Nc3 g6 4. Bc4 Bg7 5. Be3 O-O 6. f3 Nbd7 7. Nge2 e5 8. d5
Ne8 9. O-O f5 10. exf5 gxf5 11. Qd2 a6 12. a4 Nef6 13. Bg5 Re8 14. Ng3 Nf8 15.
Nh5 Ng6 16. Nxg7 Kxg7 17. Rfe1 Bd7 18. Bd3 Qc8 19. Re2 f4 20. Bxf6+ Kxf6 21.
Ne4+ Kg7 22. c4 b6 23. Qc2 a5 24. Ng5 Rg8 25. Kf2 Qd8 26. Ne4 Qh4+ 27. Kg1 Kf7
28. g3 Qe7 29. Kh1 Raf8 30. Rg1 Ke8 31. g4 Nh4 32. Rf2 h6 33. Qb3 Qg7 34. Be2
Nf5 35. Nc3 Nd4 36. Qd1 Qe7 37. Nb5 Nxb5 38. cxb5 e4 39. fxe4 Qxe4+ 40. Bf3 Qb4
41. Qc2 Qc5 42. Qe4+ Kd8 43. Re2 h5 44. g5 Re8 45. Qxf4 Rxe2 46. Bxe2 Qxd5+ 47.
Bf3 Qb3 48. Qe4 Qe6 49. Qh4 Qe5 50. g6+ Kc8 51. Qxh5 Qxh5 52. Bxh5 Be6 53. h4
Rh8 54. Rg5 Kd7 55. Kg2 Ke7 56. Kg3 Kf6 57. Bg4 Bg8 58. Bf5 Rh6 59. Kg4 Bb3 60.
g7 Bg8 61. h5 d5 62. Kh4 d4 63. Kg4 Kf7 64. Bc2 Rf6 65. Bb3+ Re6 66. h6 d3 67.
h7 Bxh7 68. Bxe6+ Kxe6 69. Kf3 Bg8 70. Ke3 Kf6 71. Rg1 Kf7 72. Kxd3 Bh7+ 73.
Ke3 Kg8 74. Kd4 Bc2 75. Rc1 Bxa4 76. Rxc7 Bxb5 77. Rb7 Bf1 78. Kc3 b5 79. Kd4
a4 80. Kc3 Bc4 81. Kb4 Bd3 82. Rxb5 Kxg7 83. Kxa4 Kf7 84. Re5 Kf6 85. Re1 Ba6
86. b4 Kf7 87. Ka5 1-0

[Event "DEM U10/U10w 2013"]
[Site "Oberhof GER"]
[Date "2013.05.22"]
[Round "6"]
[White "Stirnberg, Noah"]
[Black "Yankelevich, Michael"]
[Result "1/2-1/2"]
[Termination "normal"]
[Board "11"]
[WhiteElo "1338"]
[BlackElo "1644"]
[PlyCount "124"]
[WhiteFideId "16207742"]
[BlackFideId "12921440"]
[EventCountry "GER"]
[EventRounds "11"]
[EventType "swiss"]
[EventDate "2013.05.18"]

1. d4 d5 2. Bf4 Nf6 3. Nf3 c5 4. e3 Nc6 5. c3 Qb6 6. Qc1 c4 7. Nbd2 h6 8. Be2
Bf5 9. O-O e6 10. h3 Be7 11. Re1 O-O 12. Ne5 Qd8 13. Ndf3 Bd6 14. Kh1 Ne4 15.
Kg1 Nxe5 16. Bxe5 b5 17. a3 a5 18. b4 axb4 19. axb4 Qc7 20. Qb2 Bxe5 21. Nxe5
f6 22. Nf3 Qb7 23. Nd2 Rxa1 24. Rxa1 Ra8 25. Rxa8+ Qxa8 26. Nxe4 Bxe4 27. f3
Bg6 28. f4 Qa4 29. Qd2 Qb3 30. g4 Be4 31. Kf2 Qa3 32. h4 Qa1 33. Qe1 Qb2 34.
Kg3 Bd3 35. Bf3 Kf7 36. h5 Bb1 37. f5 Qc2 38. fxe6+ Kxe6 39. Bd1 Qc1 40. g5 f5
41. gxh6 gxh6 42. Kf2 Be4 43. Be2 Qxe1+ 44. Kxe1 Kf6 45. Kf2 Kg5 46. Kg3 Kf6
47. Kf4 Bg2 48. Kg3 Bh1 49. Kf4 Be4 50. Bd1 Ke6 51. Be2 Bc2 52. Bf3 Bb3 53. Be2
Ba2 54. Bd1 Bb1 55. Bf3 Bd3 56. Bd1 Bf1 57. Bf3 Bh3 58. Bd1 Kf6 59. Bf3 Ke6 60.
Bd1 Bg2 61. Be2 Kf6 62. Bd1 Be4 1/2-1/2

[Event "DEM U10/U10w 2013"]
[Site "Oberhof GER"]
[Date "2013.05.22"]
[Round "6"]
[White "Heckmann, Till"]
[Black "Zyla, Lennert"]
[Result "1-0"]
[Termination "normal"]
[Board "12"]
[WhiteElo "1517"]
[BlackElo "1291"]
[PlyCount "135"]
[WhiteFideId "12987093"]
[BlackFideId "12981567"]
[EventCountry "GER"]
[EventRounds "11"]
[EventType "swiss"]
[EventDate "2013.05.18"]

1. e4 g6 2. Nc3 Bg7 3. d4 c6 4. Nf3 d5 5. h3 dxe4 6. Nxe4 Nd7 7. Bd3 Ngf6 8.
O-O O-O 9. c3 Nxe4 10. Bxe4 Nf6 11. Bc2 b6 12. Bg5 h6 13. Be3 Bb7 14. Qd2 Kh7
15. Ne5 Nd5 16. f4 Nxe3 17. Qxe3 Bxe5 18. fxe5 c5 19. Qd3 Qd5 20. Rf2 c4 21.
Qg3 Qe6 22. Raf1 Bd5 23. h4 h5 24. Qg5 Rae8 25. Qxh5+ Kg7 26. Qg5 Kh7 27. h5
Kg7 28. hxg6 f6 29. exf6+ exf6 30. Qh4 Rh8 31. Qxf6+ Qxf6 32. Rxf6 Re2 33. R6f2
Re7 34. Rf5 Be6 35. Re5 Rhe8 36. Rfe1 Kf6 37. d5 Bd7 38. Rxe7 Rxe7 39. Rxe7
Kxe7 40. Kf2 Be8 41. Ke3 Kd6 42. g7 Bf7 43. Bh7 Kxd5 44. g8=Q Bxg8 45. Bxg8+
Kc5 46. Bf7 b5 47. g4 Kd6 48. g5 Ke5 49. g6 Kf6 50. Kd4 a6 51. Kc5 Kg7 52. Kb6
Kf8 53. Kxa6 Kg7 54. Kxb5 Kf6 55. a4 Ke7 56. a5 Kf8 57. a6 Kg7 58. a7 Kh8 59.
a8=Q+ Kg7 60. Qg8+ Kf6 61. Kc5 Ke7 62. Kc6 Kf6 63. Kd6 Kf5 64. Be6+ Kf6 65.
Qf7+ Kg5 66. Ke5 Kh6 67. Kf5 Kh5 68. Qh7# 1-0

[Event "DEM U10/U10w 2013"]
[Site "Oberhof GER"]
[Date "2013.05.22"]
[Round "6"]
[White "Koll, Linus"]
[Black "Stork, Oliver"]
[Result "1/2-1/2"]
[Termination "normal"]
[Board "13"]
[WhiteElo "1208"]
[BlackElo "1604"]
[PlyCount "64"]
[WhiteFideId "12990299"]
[BlackFideId "12955728"]
[EventCountry "GER"]
[EventRounds "11"]
[EventType "swiss"]
[EventDate "2013.05.18"]

1. e4 e5 2. Nf3 Nc6 3. Bc4 Be7 4. d3 Nf6 5. Nc3 d6 6. h3 Na5 7. Bb3 O-O 8. O-O
Bd7 9. Nh2 c6 10. f4 Nxb3 11. axb3 Qb6+ 12. Kh1 Qc7 13. fxe5 dxe5 14. Bg5 Qd8
15. Bxf6 Bxf6 16. Ng4 Bxg4 17. Qxg4 g6 18. Rf2 h5 19. Qf3 Bg5 20. Raf1 Qd7 21.
Kg1 Qd4 22. Kh1 b5 23. g4 h4 24. Nd1 Rad8 25. Qe2 Bc1 26. Rf6 Rd6 27. Rxd6 Qxd6
28. c3 Bf4 29. Ne3 Qe6 30. b4 Qb3 31. Ng2 Bg3 32. Ne3 Bf4 1/2-1/2

[Event "DEM U10/U10w 2013"]
[Site "Oberhof GER"]
[Date "2013.05.22"]
[Round "6"]
[White "Huber, Benedikt"]
[Black "Röhr, Tobias"]
[Result "1-0"]
[Termination "normal"]
[Board "14"]
[WhiteElo "1689"]
[BlackElo "1389"]
[PlyCount "47"]
[WhiteFideId "12923583"]
[BlackFideId "12963089"]
[EventCountry "GER"]
[EventRounds "11"]
[EventType "swiss"]
[EventDate "2013.05.18"]

1. d4 d5 2. Bf4 Nf6 3. e3 c5 4. Nc3 Nc6 5. Nb5 e5 6. dxe5 Ng4 7. e6 Qa5+ 8. c3
d4 9. Nc7+ Ke7 10. Nd5+ Ke8 11. Nc7+ Ke7 12. Nxa8 Bxe6 13. Ne2 Bc4 14. exd4
cxd4 15. Nxd4 Bxf1 16. Nxc6+ bxc6 17. Qd6+ Ke8 18. Nc7+ Qxc7 19. Qxc7 Ba6 20.
Qb8+ Ke7 21. Qxa7+ Kf6 22. Qxa6 Kf5 23. Bg3 Ne5 24. Bxe5 1-0

[Event "DEM U10/U10w 2013"]
[Site "Oberhof GER"]
[Date "2013.05.22"]
[Round "6"]
[White "Mücka, Cedric"]
[Black "Kukulina, Sonja"]
[Result "0-1"]
[Termination "normal"]
[Board "15"]
[WhiteElo "1380"]
[BlackElo "1184"]
[PlyCount "74"]
[WhiteFideId "16217640"]
[BlackFideId "12977047"]
[EventCountry "GER"]
[EventRounds "11"]
[EventType "swiss"]
[EventDate "2013.05.18"]

1. e4 e5 2. Nf3 Nc6 3. d4 exd4 4. Nxd4 Qf6 5. Be3 Bc5 6. Nb5 Bxe3 7. fxe3 Qh4+
8. g3 Qxe4 9. Nxc7+ Kd8 10. Nxa8 Qxh1 11. Nc3 Nf6 12. Qd6 Re8 13. Qc7+ Ke7 14.
O-O-O Kf8 15. g4 Nxg4 16. Be2 Qg2 17. Bxg4 Qxg4 18. Qd6+ Kg8 19. e4 Qe6 20. Qg3
Qe5 21. Qxe5 Rxe5 22. Nc7 a6 23. a4 f6 24. Rd5 Kf7 25. Rxe5 Nxe5 26. N7d5 d6
27. b4 Nf3 28. Nb6 Be6 29. b5 Nxh2 30. Na8 h5 31. Nc7 a5 32. Ne2 g5 33. Kd1 Bg4
34. Ke1 h4 35. Ng1 Nf3+ 36. Nxf3 Bxf3 37. e5 fxe5 0-1

[Event "DEM U10/U10w 2013"]
[Site "Oberhof GER"]
[Date "2013.05.22"]
[Round "6"]
[White "Bosselmann, Tom Linus"]
[Black "Helmer, Jan"]
[Result "0-1"]
[Termination "normal"]
[Board "16"]
[WhiteElo "1180"]
[BlackElo "1570"]
[PlyCount "102"]
[WhiteFideId "12983845"]
[BlackFideId "12956686"]
[EventCountry "GER"]
[EventRounds "11"]
[EventType "swiss"]
[EventDate "2013.05.18"]

1. d4 f5 2. g3 Nf6 3. Bg2 e6 4. Nc3 Bb4 5. Bd2 d6 6. Nf3 O-O 7. e3 Nbd7 8. O-O
Rb8 9. Re1 Bxc3 10. Bxc3 b6 11. Qd3 h6 12. Nd2 d5 13. b3 c5 14. Bb2 Re8 15. c4
Ba6 16. Qc2 Rc8 17. Rac1 cxd4 18. exd4 dxc4 19. bxc4 Bxc4 20. Nxc4 b5 21. Bf1
Nb6 22. Qb3 bxc4 23. Bxc4 Nxc4 24. Rxc4 Rxc4 25. Qxc4 Qd5 26. Qa4 Qd7 27. Qxd7
Nxd7 28. d5 e5 29. Kg2 Kf7 30. f3 g5 31. h3 Re7 32. g4 f4 33. Kf2 Nc5 34. Rd1
e4 35. Ba3 e3+ 36. Ke2 Na4 37. Bxe7 Nc3+ 38. Ke1 Nxd1 39. Bxg5 hxg5 40. Kxd1
Ke7 41. Ke2 Kd6 42. Kd3 Kxd5 43. Kc3 a5 44. Kd3 a4 45. a3 e2 46. Kxe2 Kc4 47.
Kd2 Kb3 48. Kd3 Kxa3 49. Kc3 Ka2 50. Kc2 a3 51. Kc1 Kb3 0-1

[Event "DEM U10/U10w 2013"]
[Site "Oberhof GER"]
[Date "2013.05.22"]
[Round "6"]
[White "Zimmer, Raphael"]
[Black "Schumacher, Simon"]
[Result "1-0"]
[Termination "normal"]
[Board "17"]
[WhiteElo "1369"]
[BlackElo "1156"]
[PlyCount "97"]
[WhiteFideId "12978841"]
[BlackFideId "12957518"]
[EventCountry "GER"]
[EventRounds "11"]
[EventType "swiss"]
[EventDate "2013.05.18"]

1. e4 d5 2. exd5 Qxd5 3. Nc3 Qa5 4. d4 c6 5. Bc4 Bf5 6. Nf3 Nf6 7. Bd2 Qc7 8.
Nh4 Bg6 9. Nxg6 hxg6 10. h3 e6 11. Qe2 Nbd7 12. d5 cxd5 13. Nxd5 Nxd5 14. Bxd5
O-O-O 15. Bb3 Nc5 16. Rc1 Qc6 17. O-O Ne4 18. Be3 Kb8 19. Rfe1 Bc5 20. Bxc5
Nxc5 21. Qe5+ Ka8 22. Qxg7 Rdf8 23. a3 Qb5 24. Ba2 Rhg8 25. Qc3 Na4 26. Qb3
Qxb3 27. Bxb3 Nc5 28. Ba2 Rh8 29. b4 Na4 30. Bb3 Nc3 31. Re3 Nb5 32. a4 Nc7 33.
c4 Rh7 34. c5 Rfh8 35. b5 g5 36. Rd1 g4 37. Red3 Nd5 38. Bxd5 exd5 39. Rxd5 Kb8
40. b6 axb6 41. cxb6 Kc8 42. Rc1+ Kb8 43. Rd7 gxh3 44. g3 Rg7 45. Rcc7 h2+ 46.
Kh1 Rgh7 47. Rxb7+ Kc8 48. Rxf7 Rxf7 49. Rxf7 1-0

[Event "DEM U10/U10w 2013"]
[Site "Oberhof GER"]
[Date "2013.05.22"]
[Round "6"]
[White "Schnabel, Luise"]
[Black "Bartelt, Max Peter"]
[Result "0-1"]
[Termination "normal"]
[Board "18"]
[WhiteElo "1417"]
[BlackElo "1356"]
[PlyCount "86"]
[WhiteFideId "12943347"]
[BlackFideId "12967289"]
[EventCountry "GER"]
[EventRounds "11"]
[EventType "swiss"]
[EventDate "2013.05.18"]

1. e4 e6 2. d4 d5 3. Nc3 Bb4 4. e5 c5 5. a3 Bxc3+ 6. bxc3 Nd7 7. f4 Ne7 8. Qg4
g6 9. Nf3 Nf5 10. Bd2 c4 11. g3 h5 12. Qh3 Qa5 13. a4 Ne3 14. Ra3 Nxc2+ 15. Ke2
Nxa3 16. g4 Qxa4 17. gxh5 Rxh5 18. Qg2 Qc2 19. Ne1 Qa2 20. Qf3 Nb1 21. Qe3 Nxd2
22. Qxd2 Qxd2+ 23. Kxd2 a5 24. Nc2 a4 25. Be2 Rh8 26. Nb4 a3 27. Ra1 Rxh2 28.
Ke3 Rh3+ 29. Kd2 Nb8 30. Bg4 Rh2+ 31. Ke3 Nc6 32. Nxc6 bxc6 33. Bd1 Rb2 34. f5
exf5 35. e6 Bxe6 36. Bc2 Rxc2 37. Rxa3 Rxa3 38. Kf4 g5+ 39. Kxg5 Ke7 40. Kf4
Raxc3 41. Kg5 Rf2 42. Kh6 Rg3 43. Kh5 Rh2# 0-1

[Event "DEM U10/U10w 2013"]
[Site "Oberhof GER"]
[Date "2013.05.22"]
[Round "6"]
[White "Wu, Leon"]
[Black "Buchloh, Adrian"]
[Result "0-1"]
[Termination "normal"]
[Board "19"]
[WhiteElo "1345"]
[BlackElo "1141"]
[PlyCount "156"]
[WhiteFideId "12977438"]
[BlackFideId "12960675"]
[EventCountry "GER"]
[EventRounds "11"]
[EventType "swiss"]
[EventDate "2013.05.18"]

1. e4 c5 2. Nf3 Nc6 3. d4 cxd4 4. Nxd4 e6 5. Nc3 Bb4 6. g3 Nge7 7. Bg2 O-O 8.
O-O b6 9. Be3 Ba6 10. Re1 Rc8 11. a3 Bxc3 12. bxc3 Ng6 13. Qd2 Nge5 14. Bg5 f6
15. Bf4 Nc4 16. Qd1 e5 17. Bc1 exd4 18. cxd4 Re8 19. Rb1 Qc7 20. h4 Ne7 21. e5
fxe5 22. dxe5 Nc6 23. Qd5+ Kh8 24. Bf1 N4xe5 25. Bxa6 Nf3+ 26. Qxf3 Rxe1+ 27.
Kg2 Rce8 28. Bf4 Qd8 29. Rxe1 Rxe1 30. Bc7 Qe8 31. Bd6 Nd4 32. Qc3 Nc6 33. Qf3
Qe4 34. Qxe4 Rxe4 35. Bd3 Re8 36. Bc4 Nd4 37. c3 Nc6 38. Bf4 Na5 39. Bb5 Rd8
40. Kf3 g6 41. Be5+ Kg8 42. Ke4 d5+ 43. Kd3 Kf7 44. f4 Ke6 45. g4 Nb7 46. g5
Nc5+ 47. Ke3 a6 48. Be2 Nd7 49. Bg4+ Ke7 50. Bd4 a5 51. h5 gxh5 52. Bxh5 b5 53.
f5 Rg8 54. Kf4 a4 55. Bf3 Kd6 56. f6 Rf8 57. Kg4 Ne5+ 58. Kg3 Nxf3 59. Kxf3 Ke6
60. Kg4 Kf7 61. Kh5 Re8 62. Kh6 Re1 63. Kh5 Rd1 64. Bc5 Rd3 65. Kg4 Rxc3 66.
Bb4 Rc4+ 67. Kf3 Rxb4 68. axb4 a3 69. Ke3 a2 70. Kd4 a1=Q+ 71. Kxd5 Qc3 72. Ke4
Qxb4+ 73. Kf3 Qc3+ 74. Ke4 b4 75. g6+ hxg6 76. Kd5 b3 77. Ke4 b2 78. Kf4 b1=Q
0-1

[Event "DEM U10/U10w 2013"]
[Site "Oberhof GER"]
[Date "2013.05.22"]
[Round "6"]
[White "Hommer, Jeremy"]
[Black "Henning, Marvin"]
[Result "1-0"]
[Termination "normal"]
[Board "20"]
[WhiteElo "994"]
[BlackElo "1342"]
[PlyCount "83"]
[WhiteFideId "12992577"]
[BlackFideId "12957399"]
[EventCountry "GER"]
[EventRounds "11"]
[EventType "swiss"]
[EventDate "2013.05.18"]

1. d4 d5 2. c4 c6 3. Nc3 Nf6 4. Nf3 e6 5. a3 Nbd7 6. Bg5 Qa5 7. b4 Qc7 8. c5 b6
9. g3 bxc5 10. bxc5 e5 11. Bg2 e4 12. Nd2 Ba6 13. O-O Be7 14. f3 exf3 15. Nxf3
O-O 16. Re1 Rae8 17. Bxf6 Bxf6 18. e4 dxe4 19. Nxe4 Rd8 20. Qa4 Bb5 21. Qb4 a5
22. Qb3 Rfe8 23. Rad1 Rb8 24. Nd6 Rxe1+ 25. Rxe1 Rf8 26. a4 Ba6 27. Re4 h6 28.
Re8 g5 29. Qxf7+ Kh8 30. Rxf8+ Nxf8 31. Qxc7 Ne6 32. Qxc6 Bd3 33. Nf7+ Kg7 34.
Qxe6 Bg6 35. N3e5 Bb1 36. Nd7 Bxd4+ 37. Kf1 Bd3+ 38. Ke1 Bc3+ 39. Kd1 Bg6 40.
Be4 Bxf7 41. Qe7 Kg8 42. Qf8# 1-0